<?xml version="1.0" encoding="UTF-8"?>
<record
    xmlns:xsi="http://www.w3.org/2001/XMLSchema-instance"
    xsi:schemaLocation="http://www.loc.gov/MARC21/slim http://www.loc.gov/standards/marcxml/schema/MARC21slim.xsd"
    xmlns="http://www.loc.gov/MARC21/slim">

  <leader>00511nam a2200169Ia 4500</leader>
  <controlfield tag="008">230718s9999    xx            000 0 und d</controlfield>
  <datafield tag="020" ind1=" " ind2=" ">
    <subfield code="a">9789350231913</subfield>
  </datafield>
  <datafield tag="041" ind1=" " ind2=" ">
    <subfield code="a">eng</subfield>
  </datafield>
  <datafield tag="082" ind1=" " ind2=" ">
    <subfield code="a">629.8</subfield>
    <subfield code="b">HUG</subfield>
  </datafield>
  <datafield tag="100" ind1=" " ind2=" ">
    <subfield code="a">Hughes J.M.</subfield>
    <subfield code="9">159709</subfield>
  </datafield>
  <datafield tag="245" ind1=" " ind2=" ">
    <subfield code="a">Real World Instrumentation With Python</subfield>
    <subfield code="b">Automated Data Acquisition And Control Systems</subfield>
  </datafield>
  <datafield tag="260" ind1=" " ind2=" ">
    <subfield code="c">2010</subfield>
    <subfield code="b">O'Reilly/SPD</subfield>
  </datafield>
  <datafield tag="300" ind1=" " ind2=" ">
    <subfield code="a">595</subfield>
  </datafield>
  <datafield tag="365" ind1=" " ind2=" ">
    <subfield code="c">Rs.</subfield>
    <subfield code="b">975.00</subfield>
  </datafield>
  <datafield tag="700" ind1=" " ind2=" ">
    <subfield code="a">Hughes J.M.</subfield>
    <subfield code="9">159709</subfield>
  </datafield>
  <datafield tag="906" ind1=" " ind2=" ">
    <subfield code="d">O:0374013-Feb-2014B:494209-Jan-2014</subfield>
    <subfield code="c">INST</subfield>
    <subfield code="b">2437.5</subfield>
  </datafield>
  <datafield tag="999" ind1=" " ind2=" ">
    <subfield code="c">335334</subfield>
    <subfield code="d">335334</subfield>
  </datafield>
  <datafield tag="952" ind1=" " ind2=" ">
    <subfield code="0">0</subfield>
    <subfield code="1">0</subfield>
    <subfield code="4">0</subfield>
    <subfield code="7">0</subfield>
    <subfield code="a">CCEP</subfield>
    <subfield code="b">CCEP</subfield>
    <subfield code="d">2014-02-13</subfield>
    <subfield code="e">Technical Book Services</subfield>
    <subfield code="f">INST</subfield>
    <subfield code="g">731.25</subfield>
    <subfield code="i">4942</subfield>
    <subfield code="l">0</subfield>
    <subfield code="o">629.8</subfield>
    <subfield code="p">CCEP-BK-46541</subfield>
    <subfield code="r">2023-07-18 00:00:00</subfield>
    <subfield code="t">2437.5</subfield>
    <subfield code="v">975.00</subfield>
    <subfield code="w">2014-01-09</subfield>
    <subfield code="y">BK</subfield>
    <subfield code="z">046541</subfield>
  </datafield>
</record>
